000 00634nam a22002297a 4500
003 UA-OsUOA
001 91870
007 ta
008 20121206b un ||||| |||| 00| 0 ukr d
100 _aФеденко П.
090 _a821.161.2
_bФ32
942 _cBK
040 _aUA-OsUOA
_bukr
_cUA-OsUOA
_dUA-OsUOA
245 _aВітер зі степу
_bісторична повість
300 _a255 с.
955 _a3
041 _aukr
080 _a821.161.2
260 _aЛьвів
_bЧервона калина
_c1991
650 7 _a82 Література. Літературознавство
_2UDC
999 _c378126
_d378126